La batalla de Poltava (Record no. 147218)

MARC details
000 -LEADER
campo de control de longitud fija 00500nam a2200157 i 4500
001 - NÚMERO DE CONTROL
campo de control 147218
003 - IDENTIFICADOR DE NÚMERO DE CONTROL
campo de control ES-MaACL
005 - FECHA Y HORA DE LA ÚLTIMA TRANSACCIÓN
campo de control 20230906201903.0
007 - CAMPO FIJO DE DESCRIPCIÓN FÍSICA--INFORMACIÓN GENERAL
campo de control de longitud fija t|
008 - DATOS DE LONGITUD FIJA--INFORMACIÓN GENERAL
campo de control de longitud fija 070924s1960 ag ||||1| spa d
100 1# - ENTRADA PRINCIPAL--NOMBRE DE PERSONA
Nombre de persona Tys-Krojmaluk, Jorge.
9 (RLIN) 111811
245 13 - MENCIÓN DEL TÍTULO
Título La batalla de Poltava
Resto del título : (7 de Julio de 1709) /
Mención de responsabilidad, etc. Jorge Tys-Krojmaluk.
260 ## - PUBLICACIÓN, DISTRIBUCIÓN, ETC.
Lugar de publicación, distribución, etc. Buenos Aires :
Nombre del editor, distribuidor, etc. Instituto Informativo Editorial Ucraniano,
Fecha de publicación, distribución, etc. [1960]
300 ## - DESCRIPCIÓN FÍSICA
Extensión 23 p. :
Otras características físicas il. ;
Dimensiones 23 cm.
852 ## - LOCALIZACIÓN
Ubicación ES-MaACL
Número de control de estantería 2021-F-23
Sublocalización o colección R.47178
Holdings
Estatus retirado Estado de pérdida Estado de daño No para préstamo Colección Biblioteca de origen Biblioteca actual Ubicación en estantería Fecha de adquisición Fuente de adquisición Total de préstamos Signatura topográfica completa Código de barras Visto por última vez Precio de reemplazo Tipo de ítem Koha
        Colección de folletos Biblioteca del Ateneo de Madrid Biblioteca del Ateneo de Madrid Depósito folletos 17/01/2008     2021-F-23 1153635 23/02/2023 23/02/2023 Folleto